Khôn ngoan không lại với giời : Sự may rủi chi phối cuộc sống của bạn như thế nào?
Sách cung cấp cho người đọc những công cụ cần thiết để đưa ra các quyết định chắc chắn hơn từ lớp học tới phòng xử án, từ các khu chợ tới các siêu thị,...
Enregistré dans:
| Auteur principal: | |
|---|---|
| Format: | Livre |
| Langue: | Undetermined |
| Publié: |
Hà Nội
Lao động - Xã hội
2012
|
| Sujets: | |
| Tags: |
Ajouter un tag
Pas de tags, Soyez le premier à ajouter un tag!
|
| Thư viện lưu trữ: | Trung tâm Học liệu Trường Đại học Cần Thơ |
|---|
| LEADER | 00972nam a2200217Ia 4500 | ||
|---|---|---|---|
| 001 | CTU_175702 | ||
| 008 | 210402s9999 xx 000 0 und d | ||
| 020 | |c 99000 | ||
| 082 | |a 519.2 | ||
| 082 | |b M692 | ||
| 100 | |a Mlodinow, Leonard | ||
| 245 | 0 | |a Khôn ngoan không lại với giời : | |
| 245 | 0 | |b Sự may rủi chi phối cuộc sống của bạn như thế nào? | |
| 245 | 0 | |c Leonard Mlodinow ; Vũ Cẩm Thanh, Lê Thu Hương dịch | |
| 260 | |a Hà Nội | ||
| 260 | |b Lao động - Xã hội | ||
| 260 | |c 2012 | ||
| 520 | |a Sách cung cấp cho người đọc những công cụ cần thiết để đưa ra các quyết định chắc chắn hơn từ lớp học tới phòng xử án, từ các khu chợ tới các siêu thị,... | ||
| 650 | |a Random variables,Biến ngẫu nhiên | ||
| 904 | |i Hải | ||
| 980 | |a Trung tâm Học liệu Trường Đại học Cần Thơ | ||